| 000 | 00775nam a2200217 a 4500 | ||
|---|---|---|---|
| 005 | 20240925064154.0 | ||
| 008 | 991125s1960 fr 000 0 fre u | ||
| 035 | _aUPN01000025898 | ||
| 049 | _aCG | ||
| 050 | 4 |
_aBF431 _bZ3.3 |
|
| 100 | 1 |
_aZazzo, René, _d1910-1995 _930922 |
|
| 245 | 1 | 0 |
_aGenese et formules de la latéralité : _bbatterie Piaget-Head : test des gnosies digitales / _cRené Zazzó, Nadine Galifret-Granjon. |
| 260 |
_aSuise : _bDelachaux & Niestlé, _c1960. |
||
| 300 | _a85 p. | ||
| 440 | 0 |
_aManuel pour l'examen psychologique de l'enfant ; _v1 |
|
| 600 | 1 | 4 |
_aPIAGET, JEAN, _d1896-1980 - _vCITAS LITERARIAS _97008 |
| 650 | 4 |
_aNiño, Estudio del _9221 |
|
| 650 | 4 |
_aPruebas mentales _915534 |
|
| 700 | 1 |
_aGalifret-Granjon, Nadine, _ecoaut. |
|
| 905 | _aLibro | ||
| 999 |
_c25898 _d25898 |
||